Dôvodová správa k zákonu o audítoroch

Dôvodová správa k zákonu o audítoroch. Návrh zákona je vypracovaný podľa Plánu legislatívnych úloh vlády SR na rok 2002. Zákon ustanovuje podmienky pre vstup do profesie tak pre asistentov audítorov, ako aj pre audítorov. Návrh zákona je porovnateľný s právom Európskeho spoločenstva a odporúčaniami...

Ausführliche Beschreibung

Gespeichert in:
Bibliographische Detailangaben
Format: Buchkapitel
Sprache:Slowakisch
Schlagworte:
Tags: Tag hinzufügen
Keine Tags, Fügen Sie das erste Tag hinzu!

MARC

LEADER 00000naa a2200000 4500
001 r046634
005 20230927070519.8
041 0 |a slo 
044 |a SK 
245 1 0 |a Dôvodová správa k zákonu o audítoroch 
520 |a Dôvodová správa k zákonu o audítoroch. Návrh zákona je vypracovaný podľa Plánu legislatívnych úloh vlády SR na rok 2002. Zákon ustanovuje podmienky pre vstup do profesie tak pre asistentov audítorov, ako aj pre audítorov. Návrh zákona je porovnateľný s právom Európskeho spoločenstva a odporúčaniami Ôsmej smernice Rady č. 84/253/EHS o požiadavkách kladených na osoby poverené vykonávať povinné overovanie podkladov účtovníctva. Navrhovaný zákon je zlučiteľný s právom Európskych spoločenstiev a s právom Európskej únie. 
610 2 0 |a audítori 
610 2 0 |a Slovenská komora audítorov Bratislava 
610 2 0 |a zákony 
610 2 0 |a správy dôvodové 
610 2 0 |a Slovensko 
610 2 0 |a 2002